Estudio en escarlata / (Registro nro. 24179)
[ vista simple ]
| 000 -LEADER | |
|---|---|
| fixed length control field | 01267cam a2200349 i 4500 |
| 001 - CONTROL NUMBER | |
| control field | 24179 |
| 003 - CONTROL NUMBER IDENTIFIER | |
| control field | Mx-PuUPA |
| 005 - DATE AND TIME OF LATEST TRANSACTION | |
| control field | 20250307111050.0 |
| 008 - FIXED-LENGTH DATA ELEMENTS--GENERAL INFORMATION | |
| fixed length control field | 140415s2018 mx gr 000 f spa d |
| 020 ## - INTERNATIONAL STANDARD BOOK NUMBER | |
| International Standard Book Number | 9706668160 |
| 040 ## - CATALOGING SOURCE | |
| Original cataloging agency | Mx-PuUPA |
| Language of cataloging | spa |
| Transcribing agency | Mx-PuUPA |
| Modifying agency | Mx-PuUPA |
| Description conventions | rda |
| 041 1# - LANGUAGE CODE | |
| Language code of text/sound track or separate title | spa |
| Language code of original | eng |
| 100 1# - MAIN ENTRY--PERSONAL NAME | |
| Personal name | Doyle, Arthur Conan, |
| Dates associated with a name | 1859-1930 |
| 9 (RLIN) | 7146 |
| Relator term | autor |
| 240 12 - UNIFORM TITLE | |
| Uniform title | A study in scarlet. |
| Language of a work | Español |
| 245 10 - TITLE STATEMENT | |
| Title | Estudio en escarlata / |
| Statement of responsibility, etc. | Arthur Conan Doyle ; traducción, Luis Rutiaga |
| 250 ## - EDITION STATEMENT | |
| Edition statement | 4a edición / |
| Remainder of edition statement | julio |
| 264 #1 - PRODUCTION, PUBLICATION, DISTRIBUTION, MANUFACTURE, AND COPYRIGHT NOTICE | |
| Place of production, publication, distribution, manufacture | Ciudad de México : |
| Name of producer, publisher, distributor, manufacturer | Grupo Editorial Tomo, |
| Date of production, publication, distribution, manufacture, or copyright notice | ©2018 |
| 300 ## - PHYSICAL DESCRIPTION | |
| Extent | 190 páginas ; |
| Dimensions | 19 cm |
| 336 ## - CONTENT TYPE | |
| Fuente | rdacontent |
| Content type term | texto |
| Content type code | txt |
| 337 ## - MEDIA TYPE | |
| Source | rdamedia |
| Media type term | sin medio |
| Media type code | n |
| 338 ## - CARRIER TYPE | |
| Source | rdacarrier |
| Carrier type term | volumen |
| Carrier type code | nc |
| 490 0# - SERIES STATEMENT | |
| Series statement | Colección Clásicos Literatura |
| 600 14 - SUBJECT ADDED ENTRY--PERSONAL NAME | |
| Personal name | Holmes, Sherlock, |
| Titles and other words associated with a name | (personaje ficticio) |
| Form subdivision | Novela |
| 600 14 - SUBJECT ADDED ENTRY--PERSONAL NAME | |
| Personal name | Watson, John H., (Personaje ficticio) |
| Form subdivision | Novela |
| 650 #7 - SUBJECT ADDED ENTRY--TOPICAL TERM | |
| Source of heading or term | armarc |
| Topical term or geographic name entry element | Asesinato |
| General subdivision | Investigación |
| Form subdivision | Novela |
| 700 1# - ADDED ENTRY--PERSONAL NAME | |
| Personal name | Rutiaga, Luis, |
| Relator term | traductor |
| 765 0# - ORIGINAL LANGUAGE ENTRY | |
| Main entry heading | Doyle, Arthur Conan, 1859-1930 |
| Title | A study in scarlet. |
| 942 ## - ADDED ENTRY ELEMENTS (KOHA) | |
| Source of classification or shelving scheme | Dewey Decimal Classification |
| Koha item type | Libro |
| Classification part | 823.88 |
| Item part | D75 |
| Withdrawn status | Lost status | Source of classification or shelving scheme | Damaged status | Not for loan | Home library | Current library | Shelving location | Date acquired | Source of acquisition | Total Checkouts | Full call number | Barcode | Price effective from | Koha item type | Collection code | Date last seen |
|---|---|---|---|---|---|---|---|---|---|---|---|---|---|---|---|---|
| Descarte | Dewey Decimal Classification | Biblioteca Karol Wojtyla | Biblioteca Karol Wojtyla | 03/12/2013 | Compra | 659.13 CAS | 45160 | 03/12/2013 | Libro | |||||||
| Dewey Decimal Classification | Biblioteca Karol Wojtyla | Biblioteca Karol Wojtyla | Sala general | 03/12/2013 | Compra | 823.88 D75 2018 | 45161 | 03/12/2013 | Libro | General | 05/01/2026 |